000 00726nam a2200253Ia 4500
003 OSt
005 20221002051201.0
006 a|||||r|||| 00| 0
007 ta
008 220930b |||||||| |||| 00| 0 eng d
024 _a22576
037 _cReference Collections
040 _aCRL
_cCRL
_beng
041 _2eng
_aeng
082 _aT:3k1, N9, N5 (RR)
100 _aAnderson Lorin W Editor
_9572186
245 0 _aInternational encyclopedia of teaching and teacher education
250 _a2nd
260 _aOxford
_bpergamon
_c1995
300 _a684p.
_ccm.
650 _aEDUCATION
942 _hT:3k1, N9, N5 (RR)
_cref
_2CC
999 _c916165
_d916165